000 00563nam a2200181Ia 4500
003 GCL
008 140319s9999 xx 000 0 ara d
040 _aGCL /
_cGCL
082 0 4 _a412.4
_bط ت
100 1 _aطوبيا الفنيس
245 1 0 _aتفسير الالفاظ الدخيلة فى اللغة العربية مع ذكر اصلها بحروفة /
_cطوبيا الفنيس
260 _a[S.N] :
_bدار العرب ،
_c1989
300 _a78 ص
490 _a
650 0 4 _aالالفاظ
650 0 4 _aاللغة العربية
942 _2ddc
_cBK
999 _c35990
_d35990